Aristóteles, la justicia política y la democracia deliberativa /

El autor expone el trabajo analítico que le sirvió de base para dos conferencias dictadas el 29 de junio y el 6 de julio de 2005, en el contexto del ciclo "Aristóteles, filósofo para este tiempo", organizado por el Centro de Estudios Públicos (CEP). Aristóteles según el autor, toma como punto de par...

Descripción completa

Detalles Bibliográficos
Autor principal: Godoy Arcaya, Oscar
Formato: Analitica de revista
Lenguaje:español
Publicado: Santiago, Chile CEP 2006

MARC

LEADER 00000cab a2200000 a 4500
001 032057
003 UAHC_CL
005 20180803140310.0
008 030915b xx j 000 1 spa
952 |0 0  |1 0  |4 0  |6 ESTUD___PUBLICOS102_06_000000000000000  |7 0  |8 General  |9 62337  |a BC  |b BC  |c General  |d 2017-08-03  |l 0  |o ESTUD. PUBLICOS-102/06  |p FICTICIO2820  |r 2019-01-08 00:00:00  |t 1  |w 2017-08-03  |y REVA 
999 |c 32057  |d 32057 
040 |a UAHC_CL  |c UAHC_CL  |d UAHC_CL 
100 1 |a Godoy Arcaya, Oscar 
245 1 0 |a Aristóteles, la justicia política y la democracia deliberativa /  |c Oscar Godoy Arcaya. 
260 |b CEP  |c 2006  |a Santiago, Chile 
300 |a p. 5-26 
500 |a En: Estudios Públicos. -- Nº102 (otoño, 2006), p. 5-26. ISSN 07161115. 
520 |a El autor expone el trabajo analítico que le sirvió de base para dos conferencias dictadas el 29 de junio y el 6 de julio de 2005, en el contexto del ciclo "Aristóteles, filósofo para este tiempo", organizado por el Centro de Estudios Públicos (CEP). Aristóteles según el autor, toma como punto de partida de su teoría política una doble genealogía de la ciudad (polis): la naturaleza y la obra del legislador. Desde esa premisa, Aristóteles homologa la justicia política y la constitución, entendida como la organización de la ciudad. De esa homologación fluye una argumentación que pretende demostrar que los principios básicos de la constitución son el criterio fundamental para adjudicar, entre los ciudadanos , el poder político. Un poder que los ciudadanos van a ejercer como participación en los procesos de deliberación y decisión de la democracia. En este campo, el autor analiza la concepción aristotélica sobre la co-deliberación y el discurso retórico que le sirve de canal de expresión. 
773 0 |t Estudios públicos  |w 032045 
900 |a ESTUD. PUBLICOS-102/06 
942 |c REVA  |2 ddc